header

Quality strategy for research and development (Record no. 38936)

MARC details
000 -LEADER
fixed length control field 01401nam a2200361Ia 4500
082 04 - DEWEY DECIMAL CLASSIFICATION NUMBER
Classification number 658.4/013
100 1# - MAIN ENTRY--AUTHOR NAME
Personal name Shiu, Mingli,
245 10 - TITLE STATEMENT
Title Quality strategy for research and development
260 ## - PUBLICATION, DISTRIBUTION, ETC. (IMPRINT)
Place of publication Hoboken, New Jersey :
Name of publisher Wiley,
Year of publication c2013.
300 ## - PHYSICAL DESCRIPTION
Number of Pages xv, 360 p. :
Other physical details ill.
650 #0 - SUBJECT ADDED ENTRY--TOPICAL TERM
Topical Term Engineering
Topical Term Quality control.
Topical Term Systems engineering.
700 1# - ADDED ENTRY--PERSONAL NAME
Personal name Jiang, Jui-Chin,
Personal name Tu, Mao-Hsiung,
856 40 - ELECTRONIC LOCATION AND ACCESS
Uniform Resource Identifier http://site.ebrary.com/lib/rucke/Doc?id=10726731

No items available.

© 2026 Rongo University
Contact us: librarian | system librarian | Rongo university